00245nam a2200097Ia 4500008004100000100002200041245004600063260001700109260000900126546001200135170619s9999 xx 000 0 und d aElliott- David J. 0aIntegrated circuit fabrication technology bMc Graw Hill c1989 aENGLISH